000 00306nam a2200121Ia 4500
008 191201s2006 xx 000 0 und d
100 _aSINGHAL, Sandeep
245 0 _aWAP-The Wireless Application Protocol
260 _aN. Delhi
_bPearson
_c2006
300 _a698
650 _aM.Tech (ECE)
942 _2ddc
_cBK
999 _c6694
_d6694